¿Es posible concertar las políticas educativas? La concertación de políticas educativas en Argentina y América Latina (Record no. 9595)
[ view plain ]
| 000 -LEADER | |
|---|---|
| campo de control de longitud fija | 01946nmc a2200553 a 4500 |
| 003 - IDENTIFICADOR DE NÚMERO DE CONTROL | |
| campo de control | AR-BaBNM |
| 005 - FECHA Y HORA DE LA ÚLTIMA TRANSACCIÓN | |
| campo de control | 20251128205003.0 |
| 008 - DATOS DE LONGITUD FIJA--INFORMACIÓN GENERAL | |
| campo de control de longitud fija | 011101s1995 ||||||||||||||000 | spa|| |
| 020 ## - NÚMERO INTERNACIONAL ESTÁNDAR DEL LIBRO | |
| Número Internacional Estándar del Libro | 950-9467-59-6 |
| 040 ## - FUENTE DE CATALOGACIÓN | |
| Centro/agencia transcriptor | AR-BaBNM |
| 110 2# - ENTRADA PRINCIPAL--NOMBRE DE ENTIDAD CORPORATIVA | |
| Nombre de entidad corporativa o nombre de jurisdicción como elemento de entrada | Facultad Latinoamericana de Ciencias Sociales |
| 9 (RLIN) | FLACSO |
| 245 10 - MENCIÓN DEL TÍTULO | |
| Título | ¿Es posible concertar las políticas educativas? La concertación de políticas educativas en Argentina y América Latina |
| 260 ## - PUBLICACIÓN, DISTRIBUCIÓN, ETC. | |
| Lugar de publicación, distribución, etc. | Buenos Aires |
| Nombre del editor, distribuidor, etc. | Miño y Dávila |
| Fecha de publicación, distribución, etc. | 1995 |
| 300 0# - DESCRIPCIÓN FÍSICA | |
| Extensión | 350 p. |
| Otros detalles físicos | tablas |
| 490 #0 - MENCIÓN DE SERIE | |
| Mención de serie | Flacso |
| 500 0# - NOTA GENERAL | |
| Nota general | Seminario internacional: "La concertación de políticas educativas en Argentina y Latinoamerica" |
| 500 0# - NOTA GENERAL | |
| Nota general | FLACSO: Facultad Latinoamericana de Ciencias Sociales |
| 500 0# - NOTA GENERAL | |
| Nota general | OREALC: Oficina Regional de Educación de la Unesco para América Latina y el Caribe |
| 500 1# - NOTA GENERAL | |
| Nota general | UNESCO: Organización de las Naciones Unidas para la Educación, la Ciencia y la Cultura |
| 650 #4 - PUNTO DE ACCESO ADICIONAL DE MATERIA--TÉRMINO DE MATERIA | |
| Término de materia o nombre geográfico como elemento de entrada | POLITICA EDUCATIVA |
| 650 #4 - PUNTO DE ACCESO ADICIONAL DE MATERIA--TÉRMINO DE MATERIA | |
| Término de materia o nombre geográfico como elemento de entrada | EDUCACION COMPARADA |
| 650 #4 - PUNTO DE ACCESO ADICIONAL DE MATERIA--TÉRMINO DE MATERIA | |
| Término de materia o nombre geográfico como elemento de entrada | REFORMA DE LA EDUCACION |
| 650 #4 - PUNTO DE ACCESO ADICIONAL DE MATERIA--TÉRMINO DE MATERIA | |
| Término de materia o nombre geográfico como elemento de entrada | SIGLO VEINTIUNO |
| 651 #4 - PUNTO DE ACCESO ADICIONAL DE MATERIA--NOMBRE GEOGRÁFICO | |
| Nombre geográfico | República Dominicana |
| 651 #4 - PUNTO DE ACCESO ADICIONAL DE MATERIA--NOMBRE GEOGRÁFICO | |
| Nombre geográfico | Perú |
| 651 #4 - PUNTO DE ACCESO ADICIONAL DE MATERIA--NOMBRE GEOGRÁFICO | |
| Nombre geográfico | México |
| 651 #4 - PUNTO DE ACCESO ADICIONAL DE MATERIA--NOMBRE GEOGRÁFICO | |
| Nombre geográfico | Ecuador |
| 651 #4 - PUNTO DE ACCESO ADICIONAL DE MATERIA--NOMBRE GEOGRÁFICO | |
| Nombre geográfico | Chile |
| 651 #4 - PUNTO DE ACCESO ADICIONAL DE MATERIA--NOMBRE GEOGRÁFICO | |
| Nombre geográfico | Brasil |
| 651 #4 - PUNTO DE ACCESO ADICIONAL DE MATERIA--NOMBRE GEOGRÁFICO | |
| Nombre geográfico | Argentina |
| 651 #4 - PUNTO DE ACCESO ADICIONAL DE MATERIA--NOMBRE GEOGRÁFICO | |
| Nombre geográfico | América Latina |
| 700 1# - ENTRADA AGREGADA--NOMBRE PERSONAL | |
| Nombre de persona | Tiramonti, Guillermina |
| Término indicativo de función/relación | prologuista |
| 700 1# - ENTRADA AGREGADA--NOMBRE PERSONAL | |
| Nombre de persona | Filmus, Daniel |
| Término indicativo de función/relación | prologuista |
| 700 1# - ENTRADA AGREGADA--NOMBRE PERSONAL | |
| Nombre de persona | Casassus, Juan |
| 700 1# - ENTRADA AGREGADA--NOMBRE PERSONAL | |
| Nombre de persona | Braslavsky, Cecilia |
| 700 1# - ENTRADA AGREGADA--NOMBRE PERSONAL | |
| Nombre de persona | Vial Correa, Gonzalo |
| 700 1# - ENTRADA AGREGADA--NOMBRE PERSONAL | |
| Nombre de persona | Jara B., Cecilia |
| 700 1# - ENTRADA AGREGADA--NOMBRE PERSONAL | |
| Nombre de persona | Helfer, Gloria |
| 700 1# - ENTRADA AGREGADA--NOMBRE PERSONAL | |
| Nombre de persona | Tavares, Juan Tomás |
| 700 1# - ENTRADA AGREGADA--NOMBRE PERSONAL | |
| Nombre de persona | Branchi, Luis |
| 700 1# - ENTRADA AGREGADA--NOMBRE PERSONAL | |
| Nombre de persona | Laricchia, Hugo |
| 700 1# - ENTRADA AGREGADA--NOMBRE PERSONAL | |
| Nombre de persona | Povedano, Nidia |
| 700 1# - ENTRADA AGREGADA--NOMBRE PERSONAL | |
| Nombre de persona | Ibarrola, María de |
| 700 1# - ENTRADA AGREGADA--NOMBRE PERSONAL | |
| Nombre de persona | Alves, Nilda |
| 700 1# - ENTRADA AGREGADA--NOMBRE PERSONAL | |
| Nombre de persona | Tenti Fanfani, Emilio |
| 711 2# - ENTRADA AGREGADA--NOMBRE DE REUNIÓN | |
| Nombre de congreso/reunión o jurisdicción como elemento de entrada | Seminario internacional: La concertación de políticas educativas en Argentina y Latinoamerica |
| Sede del congreso/Lugar de la reunión | Buenos Aires, Argentina |
| 942 ## - ELEMENTOS DE ENTRADA SECUNDARIOS (KOHA) | |
| Tipo de ítem Koha | Libros |
| 998 ## - INFORMACIÓN DE CONTROL LOCAL (RLIN) | |
| Iniciales del catalogador, CIN (RLIN) | silvi |
| Estatus retirado | Estado de pérdida | Fuente de la clasificación o esquema de estantería | Estado de daño | No para préstamo | Biblioteca de origen | Biblioteca actual | Fecha de adquisición | Total de préstamos | Signatura topográfica completa | Código de barras | Visto por última vez | Precio de reemplazo | Tipo de ítem Koha | Restricciones de uso | Ubicación en estantería |
|---|---|---|---|---|---|---|---|---|---|---|---|---|---|---|---|
| Clasificación Decimal Dewey | Liberty | Liberty | 28/11/2025 | 37.014 FLA | 116762 | 28/11/2025 | 28/11/2025 | Libros | |||||||
| Clasificación Decimal Dewey | Liberty | Liberty | 28/11/2025 | 37.014 FLA | 101285 | 28/11/2025 | 28/11/2025 | Libros | |||||||
| Clasificación Decimal Dewey | Liberty | Liberty | 28/11/2025 | 37.014 FLA | 101286 | 28/11/2025 | 28/11/2025 | Libros | |||||||
| Clasificación Decimal Dewey | Liberty | Liberty | 28/11/2025 | 37.014 FLA | 107859 | 28/11/2025 | 28/11/2025 | Libros | |||||||
| Clasificación Decimal Dewey | No para préstamo | Liberty | Liberty | 28/11/2025 | 37.014 FLA | 118816 | 28/11/2025 | 28/11/2025 | Libros | Acceso restringido | |||||
| Clasificación Decimal Dewey | No para préstamo | Liberty | Liberty | 28/11/2025 | 37.014 FLA | 105243 | 28/11/2025 | 28/11/2025 | Libros | Acceso restringido |